| 000 | 00505nam a2200193Ia 4500 | ||
|---|---|---|---|
| 005 | 20240913125828.0 | ||
| 008 | 240913s9999||||xx |||||||||||||| ||und|| | ||
| 041 | _aENGLISH | ||
| 082 | _A428.0071 Q7 | ||
| 100 | _aSheelagh Deller | ||
| 245 | 0 | _aUsing the Monther Tongue | |
| 250 | _a1st | ||
| 260 |
_c2017 _bViva Books Private Li |
||
| 500 | _aREFERENCE | ||
| 650 |
_aAudiology Speech and Language Pathology _bAllied Health Science |
||
| 700 | _aMario Rinvolucri | ||
| 942 | _cREF | ||
| 999 |
_c246354 _d246354 |
||